| 000 | 00460cam a2200169ua 4500 | ||
|---|---|---|---|
| 020 | _c3.00 | ||
| 041 |
_amal _h |
||
| 082 |
_a333.31 _bOOM/BH |
||
| 100 | _aOommen, M.A . | ||
| 245 |
_aBhuparishkaranangalum Samuhya Sampathika parivarthanavum Keralathil / _cM.A.Oommen. _hTextual Documents |
||
| 260 |
_aTrivandrum : _bState Institute of Languages , _c1972. |
||
| 300 | _a98 ; . | ||
| 365 | _a3.00 | ||
| 504 | _a | ||
| 942 | _cBK | ||
| 999 |
_c1044 _d1044 |
||